000 01199aas a2200217 4500
999 _c2395
_d2395
003 BR-BrBNA
005 20230317233455.0
007 ta
008 230119b bl ||||| |||| 00| 0 por d
035 _a000485-5
040 _aBR-BrBNA
_bPor
_cBR-BrBNA
042 _aN
044 _abl
245 _aCenso dos Serviços. Série Regional - Fundação Instituto Brasileiro de Geografia e Estatística (Brazil)
260 _aRio de Janeiro-RJ
_bFundação Instituto Brasileiro de Geografia e Estatística
_c1950. Data final de publicação em 1950
_eBRJ
270 _aAv. Franklin Rooveselt, 160 - ZC 39 - 20000-000
310 _airregular
505 _a1970 7(t.1 RO,RR,AP, t.2 AC, t.3 AM, t.4 PA, t.5 MA, t.6 PI, t.7 CE, t.8 RN, t.9 PB, t.10 PE, t.11 AL, t.12 SE, t.13 BA, t.14 MG, t.15 ES, t.16 RJ, t.17 GB, t.18 SP, t.19 PR, t.20 SC, t.21 RS, t.22 MT, t.23 GO, t.24 DF)%1975 4(t.1 RO,RR,AP. t.2 AC, t.3 AM, t.4 PA, t.5 MA, t.6 PI, t.7CE, t.8RN, t.9 PB, t.10 PE, t.11 AL, t.12SE, t.13BA, t.14MG, t.15ES, t.16RJ%1980 5(2RO, 3AC, 5RO-AP,6PA, 7MA, 8PI, 9CE, 10RN, 11PB, 12PE, 13AL, 14SE, 15BA, 16MG, 17ES, 18RJ, 19SP, 20PR, 21SC, 22RS, 23MS, 24MT, 25GO, 26DF;
909 _a56
_bSergio Santos
_c56
_dSergio Santos
942 _cCR
_2AGRIS